00252nam a2200109 i 4500001000300000245005300003260001900056040000800075041000800083080001000091008004100101bg 0aAvtomatičeskij kontrol' magnitnych parametrov. aMoskva,c1971. cBPK apol a537.6 s pl f |000 0 pol